Statistics for US Trivia: Groups of 2

Click here to take the quiz!

General Stats

  • This quiz has been taken 955 times
  • The average score is 9 of 20

Answer Stats

Hint Answer % Correct
Co-Founders of Microsoft:Bill Gates
92%
Impeached US Presidents:Bill Clinton
87%
US States with Mountain Peaks Above 14,500 Feet in Elevation:Alaska
85%
US States That End in "Y":Kentucky
76%
US States with a Population Below 650,000
(as of 2013):
Wyoming
73%
US States with Mountain Peaks Above 14,500 Feet in Elevation:California
63%
States/Colonies Where Exactly 4 US Presidents Were Born (as of 2014):New York
61%
Real-Life Women on Circulating One-Dollar US Coins:Susan B. Anthony
60%
Impeached US Presidents:Andrew Johnson
58%
US States That End in "Y":New Jersey
54%
Lewis & Clark's First Names:Meriwether (Lewis)
49%
States/Colonies Where Exactly 4 US Presidents Were Born (as of 2014):Massachusetts
46%
US States with a Population Below 650,000
(as of 2013):
Vermont
43%
Real-Life Women on Circulating One-Dollar US Coins:Sacagawea
43%
Co-Founders of Microsoft:Paul Allen
29%
Lewis & Clark's First Names:William (Clark)
20%
The Last 2 People to Walk on the Moon:Harrison Schmitt
3%
Frederick Douglass's First & Second Wives:Anna Murray-Douglass
3%
Frederick Douglass's First & Second Wives:Helen Pitts Douglass
3%
The Last 2 People to Walk on the Moon:Eugene Cernan
3%

Score Distribution

Percentile by Number Answered

Percent of People with Each Score

Your Score History

You have not taken this quiz